| 000 | 00491nam a2200169Ia 4500 | ||
|---|---|---|---|
| 999 |
_c21776 _d21776 |
||
| 003 | OSt | ||
| 005 | 20200616114635.0 | ||
| 008 | 190216s9999||||xx |||||||||||||| ||und|| | ||
| 020 | _a9781850439035 | ||
| 040 | _coclc | ||
| 082 |
_a303.48273056 _bKHA/R |
||
| 100 |
_aKhalidi, Rashid _92964 |
||
| 245 | 0 |
_aResurrecting Empire / _cRashid Khalidi |
|
| 260 |
_bI.B.Tauris, _c2004. _aLondon: |
||
| 300 | _a223p | ||
| 942 |
_cBK _2ddc _h303.48273056 _iKHA/R _k303.48273056 _mKHA/R |
||